000 00530nam a2200193 i 4500
001 44613
003 ES-MaACL
005 20230906161049.0
007 t|
008 030321s1976 fr ||||1| fre d
100 1 _aClevarl, Alain.
_939241
245 1 0 _aPhilippe Jaccottet /
_cAlain Clevarl.
260 _a[París] :
_bSeghers,
_c[1976]
300 _a173 p., 4 lám. ;
_c16 cm.
490 1 _aPoétes d'Aujourd'hui
830 0 _aPoétes d'Aujourd'hui
_9182047
852 _aES-MaACL
_jA-6430
_bR.95396
999 _c44613
_d44613